000 00346nam a2200121Ia 4500
008 220204s9999 xx 000 0 und d
082 _a678.5:678.046(035)
_bKAT;1
245 0 _aHandbook of fillers and reinforcements for plastics
260 _aNew York
_bVan Nostrand
_c1978
700 _aKatz, Harry S
700 _aMilewski, John V
942 _cBK
999 _c36052
_d36052